| 000 | 01278nam a2200373 i 4500 | ||
|---|---|---|---|
| 001 | 31808 | ||
| 003 | BPK | ||
| 005 | 20221207123423.0 | ||
| 008 | 971010s1996 pl f |000 0 pol d | ||
| 020 | _a8386929111 | ||
| 040 |
_cKOSZ 005 _aKOSZ 005 _dKOSZ 005/HR |
||
| 046 | _k1996 | ||
| 080 | _a658.1/.5 | ||
| 080 | _a658.7 | ||
| 100 | 1 |
_aHejduk. Irena K. _d(1949- 2018) _eAutor |
|
| 245 | 1 | 0 |
_aJak startować w biznesie : _bpropozycja dla małych firm / _cIrena Hejduk ; pod red. Wiesława M. Grudzewskiego. |
| 260 |
_aWarszawa : _b"ORGMASZ", _c1996. |
||
| 300 |
_a120 s. : _bwykr. ; _c21 cm. |
||
| 336 |
_2rdacontent _aTekst _btxt |
||
| 337 |
_2rdamedia _aBez urządzenia pośredniczącego _bn |
||
| 338 |
_2rdacarrier _aWolumin _bnc |
||
| 380 | _aKsiążki | ||
| 388 | _a1901-2000 | ||
| 388 | _a1997-2000 | ||
| 490 | 1 |
_aZarządzanie Firmą ; _v9 |
|
| 504 | _aBibliogr. s. 118-119. | ||
| 650 | 4 | _aPrzedsiębiorstwa małe i średnie (MŚP) | |
| 650 | 4 | _aZarządzanie | |
| 658 | _aZarządzanie i marketing | ||
| 700 | 1 |
_aGrudzewski, Wiesław Maria _d(1933-2018) _eRedakcja |
|
| 830 | _aZarządzanie Firmą | ||
| 856 |
_uhttp://koha.tu.koszalin.pl/cgi-bin/koha/opac-detail.pl?biblionumber=31808 _yKatalog online BPK |
||
| 942 |
_cKS _2UKD |
||
| 999 |
_c31808 _d31808 |
||